| 000 | 00314nam a22001217a 4500 | ||
|---|---|---|---|
| 008 | 230626b xxu||||| |||| 00| 0 eng d | ||
| 082 |
_a337.1 _bEAC 2001 |
||
| 245 | _a Dialogue on the East African Competition Policies | ||
| 260 |
_aArusha _bEAC _c2001 |
||
| 300 | _aX,263p | ||
| 440 |
_n2 _pDialogue |
||
| 942 |
_2ddc _cBK |
||
| 999 |
_c2761 _d2761 |
||